Ont-ils déjà joué avec... Sandra Bullock ? - Statistiques

Statistiques générales
  • Ce quiz a été pris 9 fois
  • Le résultat moyen est 2 sur 10
Answers on the Grid
Answers color-coded by a green-red scale on the quiz's grid according to % correct below.
Morgan Freeman
Eddie Murphy
Monica Bellucci
Emma Stone
Edward Norton
Madonna
Camille Cottin
Mick Jagger
Tilda Swinton
Bill Murray
Jeff Bridges
Tom Hanks
Ryan Gosling
Willem Dafoe
Bradley Cooper
Steve Buscemi
Maggie Smith
River Phoenix
Gwyneth Paltrow
Ben Affleck
 
Statistiques - réponses
Réponse % Correct
Ben Affleck
63%
Willem Dafoe
38%
Bradley Cooper
25%
Jeff Bridges
25%
Ryan Gosling
25%
Gwyneth Paltrow
13%
Maggie Smith
13%
River Phoenix
13%
Steve Buscemi
13%
Tom Hanks
0%
Aucun quiz correspondant
Distribution des résultats
% des personnes avec chaque résultat
Percentile par nombre de réponses
Votre historique - résultats
Vous n’avez pas pris ce quiz